000 00458nmm a22001697a 4500
005 20131216155632.0
008 131216b2005 ck ||||| |||| 00| 0 spa d
041 _aspa
044 _ack
090 _aLB
_b05871
110 _aFundación Eduquemos
_93391
245 _aEn la red de niebla
260 _as.l.
_bFundación Eduquemos
_c2005
300 _a15 min.,
_bvideo,
_c13 cm
700 _aRealización Julián Amaya, Henry Caicedo
_93392
942 _2z
_cCD-ROM
999 _c8065
_d8065